<?xml version="1.0" encoding="UTF-8"?>
<record
    xmlns:xsi="http://www.w3.org/2001/XMLSchema-instance"
    xsi:schemaLocation="http://www.loc.gov/MARC21/slim http://www.loc.gov/standards/marcxml/schema/MARC21slim.xsd"
    xmlns="http://www.loc.gov/MARC21/slim">

  <leader>01342nam a2200205 a 4500</leader>
  <controlfield tag="008">130708s2012    ||||||||||||||||| ||    u</controlfield>
  <datafield tag="050" ind1=" " ind2=" ">
    <subfield code="a">HC 79.C63 Why</subfield>
  </datafield>
  <datafield tag="110" ind1=" " ind2=" ">
    <subfield code="a">Competition and Consumer Protection Commission (Zambia)</subfield>
  </datafield>
  <datafield tag="245" ind1="1" ind2="0">
    <subfield code="a">Why should Zambian consumers be interested in competition policy and law</subfield>
  </datafield>
  <datafield tag="260" ind1=" " ind2=" ">
    <subfield code="a">Lusaka</subfield>
    <subfield code="b">Competion and Consumer Protection Commission</subfield>
    <subfield code="c">2012</subfield>
  </datafield>
  <datafield tag="300" ind1=" " ind2=" ">
    <subfield code="a">iv, 45p</subfield>
  </datafield>
  <datafield tag="650" ind1=" " ind2=" ">
    <subfield code="a">INDEPENDENT CONSUMER AND COMPETITION COMMISSION</subfield>
  </datafield>
  <datafield tag="650" ind1=" " ind2=" ">
    <subfield code="a">CONSUMER PROTECTION--LAW AND LEGISLATION--ZAMBIA</subfield>
  </datafield>
  <datafield tag="710" ind1=" " ind2=" ">
    <subfield code="a">CUTS International Lusaka</subfield>
  </datafield>
  <datafield tag="995" ind1=" " ind2=" ">
    <subfield code="a">ANNEX COLLECTION (Main Library)</subfield>
    <subfield code="e">744132</subfield>
    <subfield code="F">CBU-MAIN LIBRARY (Kitwe)</subfield>
    <subfield code="j">HC 79.C63 Why</subfield>
    <subfield code="M">3</subfield>
    <subfield code="U">AVAILABLE</subfield>
    <subfield code="W">Jul 8, 2013</subfield>
    <subfield code="y">744132</subfield>
    <subfield code="Z">Annex Low-Usage Collection </subfield>
  </datafield>
  <datafield tag="995" ind1=" " ind2=" ">
    <subfield code="a">SPECIAL COLLECTIONS</subfield>
    <subfield code="e">744130</subfield>
    <subfield code="F">CBU-MAIN LIBRARY (Kitwe)</subfield>
    <subfield code="j">ZAM HC 79.C63 Why</subfield>
    <subfield code="M">1</subfield>
    <subfield code="U">AVAILABLE</subfield>
    <subfield code="W">Jul 8, 2013</subfield>
    <subfield code="y">744130</subfield>
    <subfield code="Z">Zambiana Collection</subfield>
  </datafield>
  <datafield tag="995" ind1=" " ind2=" ">
    <subfield code="a">ANNEX COLLECTION (Main Library)</subfield>
    <subfield code="e">744134</subfield>
    <subfield code="F">CBU-MAIN LIBRARY (Kitwe)</subfield>
    <subfield code="j">HC 79.C63 Why</subfield>
    <subfield code="M">5</subfield>
    <subfield code="U">AVAILABLE</subfield>
    <subfield code="W">Jul 8, 2013</subfield>
    <subfield code="y">744134</subfield>
    <subfield code="Z">Annex Low-Usage Collection </subfield>
  </datafield>
  <datafield tag="995" ind1=" " ind2=" ">
    <subfield code="a">SPECIAL COLLECTIONS</subfield>
    <subfield code="e">744131</subfield>
    <subfield code="F">CBU-MAIN LIBRARY (Kitwe)</subfield>
    <subfield code="j">ZAM HC 79.C63 Why</subfield>
    <subfield code="M">2</subfield>
    <subfield code="U">AVAILABLE</subfield>
    <subfield code="W">Jul 8, 2013</subfield>
    <subfield code="y">744131</subfield>
    <subfield code="Z">Zambiana Collection</subfield>
  </datafield>
  <datafield tag="995" ind1=" " ind2=" ">
    <subfield code="a">ANNEX COLLECTION (Main Library)</subfield>
    <subfield code="e">744133</subfield>
    <subfield code="F">CBU-MAIN LIBRARY (Kitwe)</subfield>
    <subfield code="j">HC 79.C63 Why</subfield>
    <subfield code="M">4</subfield>
    <subfield code="U">AVAILABLE</subfield>
    <subfield code="W">Jul 8, 2013</subfield>
    <subfield code="y">744133</subfield>
    <subfield code="Z">Annex Low-Usage Collection </subfield>
  </datafield>
  <datafield tag="999" ind1=" " ind2=" ">
    <subfield code="c">83125</subfield>
    <subfield code="d">83125</subfield>
  </datafield>
  <datafield tag="952" ind1=" " ind2=" ">
    <subfield code="0">0</subfield>
    <subfield code="1">0</subfield>
    <subfield code="2">lcc</subfield>
    <subfield code="4">0</subfield>
    <subfield code="7">0</subfield>
    <subfield code="a">001</subfield>
    <subfield code="b">001</subfield>
    <subfield code="c">Annex Low-Usage Collection</subfield>
    <subfield code="d">2023-10-25</subfield>
    <subfield code="l">0</subfield>
    <subfield code="o">HC 79.C63 Why</subfield>
    <subfield code="p">744132</subfield>
    <subfield code="r">2023-10-25</subfield>
    <subfield code="t">1</subfield>
    <subfield code="w">2023-10-25</subfield>
    <subfield code="y">002</subfield>
  </datafield>
  <datafield tag="952" ind1=" " ind2=" ">
    <subfield code="0">0</subfield>
    <subfield code="1">0</subfield>
    <subfield code="2">lcc</subfield>
    <subfield code="4">0</subfield>
    <subfield code="7">0</subfield>
    <subfield code="a">001</subfield>
    <subfield code="b">001</subfield>
    <subfield code="c">Zambiana Collection</subfield>
    <subfield code="d">2023-10-25</subfield>
    <subfield code="l">0</subfield>
    <subfield code="o">ZAM HC 79.C63 Why</subfield>
    <subfield code="p">744130</subfield>
    <subfield code="r">2023-10-25</subfield>
    <subfield code="t">2</subfield>
    <subfield code="w">2023-10-25</subfield>
    <subfield code="y">023</subfield>
  </datafield>
  <datafield tag="952" ind1=" " ind2=" ">
    <subfield code="0">0</subfield>
    <subfield code="1">0</subfield>
    <subfield code="2">lcc</subfield>
    <subfield code="4">0</subfield>
    <subfield code="7">0</subfield>
    <subfield code="a">001</subfield>
    <subfield code="b">001</subfield>
    <subfield code="c">Annex Low-Usage Collection</subfield>
    <subfield code="d">2023-10-25</subfield>
    <subfield code="l">0</subfield>
    <subfield code="o">HC 79.C63 Why</subfield>
    <subfield code="p">744134</subfield>
    <subfield code="r">2023-10-25</subfield>
    <subfield code="t">3</subfield>
    <subfield code="w">2023-10-25</subfield>
    <subfield code="y">002</subfield>
  </datafield>
  <datafield tag="952" ind1=" " ind2=" ">
    <subfield code="0">0</subfield>
    <subfield code="1">0</subfield>
    <subfield code="2">lcc</subfield>
    <subfield code="4">0</subfield>
    <subfield code="7">0</subfield>
    <subfield code="a">001</subfield>
    <subfield code="b">001</subfield>
    <subfield code="c">Zambiana Collection</subfield>
    <subfield code="d">2023-10-25</subfield>
    <subfield code="l">0</subfield>
    <subfield code="o">ZAM HC 79.C63 Why</subfield>
    <subfield code="p">744131</subfield>
    <subfield code="r">2023-10-25</subfield>
    <subfield code="t">4</subfield>
    <subfield code="w">2023-10-25</subfield>
    <subfield code="y">023</subfield>
  </datafield>
  <datafield tag="952" ind1=" " ind2=" ">
    <subfield code="0">0</subfield>
    <subfield code="1">0</subfield>
    <subfield code="2">lcc</subfield>
    <subfield code="4">0</subfield>
    <subfield code="7">0</subfield>
    <subfield code="a">001</subfield>
    <subfield code="b">001</subfield>
    <subfield code="c">Annex Low-Usage Collection</subfield>
    <subfield code="d">2023-10-25</subfield>
    <subfield code="l">0</subfield>
    <subfield code="o">HC 79.C63 Why</subfield>
    <subfield code="p">744133</subfield>
    <subfield code="r">2023-10-25</subfield>
    <subfield code="t">5</subfield>
    <subfield code="w">2023-10-25</subfield>
    <subfield code="y">002</subfield>
  </datafield>
</record>
